000 00504nam a2200169 i 4500
001 66161
003 ES-MaACL
005 20230906165545.0
007 t|
008 040128s1968 sp ||||1| spa d
100 1 _aGaffert, G. A.
_953211
245 1 0 _aCentrales de vapor /
_cG.A. Gaffert ; [versión Juan J. Maluquer].
260 _aBarcelona :
_bReverté,
_c1968.
300 _aVI, 602 p., gráf. :
_bil. ;
_c22 cm.
700 1 _aMaluquer Wahl, Juan J.
_975884
852 _aES-MaACL
_jC-46980
_bR.65832
999 _c66161
_d66161